Statistics for Most-Searched Sportspeople on Wikipedia

Click here to take the quiz!

General Stats

  • This quiz has been taken 154 times
  • The average score is 16 of 30

Answer Stats

#ViewsSportAthlete% Correct
170.0 mFootballCristiano Ronaldo
95%
261.0 mFootballLionel Messi
94%
355.0 mBasketballMichael Jordan
91%
3022.0 mFootballRonaldo
91%
547.0 mBasketballLeBron James
84%
450.4 mBoxingMuhammad Ali
81%
1232.0 mSwimmingMichael Phelps
78%
839.0 mTennisRoger Federer
74%
2226.0 mGolfTiger Woods
73%
640.8 mBasketballKobe Bryant
71%
1728.0 mTennisRafael Nadal
69%
937.0 mAmerican FootballTom Brady
69%
2126.0 mSprintUsain Bolt
68%
1926.0 mFootballNeymar
61%
2426.0 mTennisSerena Williams
60%
1135.0 mBoxingMike Tyson
59%
2922.0 mTennisNovak Djokovic
56%
2026.0 mMMAConor McGregor
54%
2523.3 mBoxingFloyd Mayweather
46%
1331.0 mFootballDavid Beckham
43%
1431.0 mBasketballShaquille O'Neal
38%
1628.0 mAmerican FootballPeyton Manning
36%
1530.0 mBoxingManny Pacquiao
28%
2326.0 mFootballZlatan Ibrahimovic
26%
2723.0 mJudo & MMARonda Rousey
21%
2823.0 mFootballWayne Rooney
21%
2623.0 mFootballRonaldinho
19%
1035.0 mWrestling & MMABrock Lesnar
18%
740.0 mAmerican FootballO.J. Simpson
13%
1827.0 mCricketSachin Tendulkar
13%

Score Distribution

Percentile by Number Answered

Percent of People with Each Score

Your Score History

You have not taken this quiz